000 00313nam a22001457a 4500
003 SGT
082 _a611
_bH23S
100 _aSONTAKKE, YOGESH
245 _aTB. OF HUMAN ANATOMY: BRAIN VOL-6
250 _a1ST
260 _aINDIA
_bCBS PUB
_c2023
300 _a182
650 _aHUMAN ANATOMY
942 _2ddc
_cBK
999 _c33656
_d33656